000 00872nam a22002297a 4500
005 20140303162659.0
010 _aB-515007-028
020 _a9788131912751
_c125.00
035 _aB-515007-028
037 _bBBB/Ven.
_adpl
082 _a609
245 _aDiscoveries and Inventions :
_cedited by Anil Kumar Tomar [and] Pallabi B. Tomar; illustrated by Suman S. Roy [and] Tanoy Choudhury
_bScientific Breakthrough /
260 _aNew Delhi
_b B. Jain Publishers
_c00??
270 _a1921/10, Chuna Mandi, Paharganj
_bNew Delhi
_e110055
300 _a30p. :
_c26cm(Hb)
_bcol.ill.
490 _aPegasus encyclopedia library
500 _aIncludes index
700 _aTomar, Anil Kumar
700 _aTomar, Pallabi B.
942 _2ddc
_cCH
_mDIS
_h609
999 _c79230
_d79230